[Event "DEM U10w 2018"]
[Site "Willingen GER"]
[Date "2018.05.20"]
[Round "2"]
[White "Hoffmann, Sophia"]
[Black "Stepanjan, Marianne"]
[Result "0-1"]
[Termination "normal"]
[Board "4"]
[WhiteElo "1072"]
[BlackElo "1246"]
[WhiteClock "01:03:07"]
[BlackClock "00:10:02"]
[PlyCount "126"]
[WhiteFideId "16259130"]
[BlackFideId "16246110"]
[EventCountry "GER"]
[EventRounds "11"]
[EventType "swiss"]
[EventDate "2018.05.19"]

1. d4 {[%clk 1:15:59]} 1... d5 {[%clk 1:15:53]} 2. Nc3 {[%clk 1:16:24]} 2...
Nf6 {[%clk 1:14:25]} 3. Bf4 {[%clk 1:16:46]} 3... Bf5 {[%clk 1:14:23]} 4. f3 {
[%clk 1:16:58]} 4... Nbd7 {[%clk 1:12:27]} 5. g4 {[%clk 1:17:10]} 5... Bg6 {
[%clk 1:11:05]} 6. h4 {[%clk 1:17:12]} 6... h6 {[%clk 1:07:16]} 7. h5 { [%clk
1:16:37]} 7... Bh7 {[%clk 1:06:09]} 8. e3 {[%clk 1:16:46]} 8... e6 { [%clk
1:04:10]} 9. Bd3 {[%clk 1:16:16]} 9... a6 {[%clk 1:00:39]} 10. Nge2 { [%clk
1:12:20]} 10... c5 {[%clk 0:59:05]} 11. Ng3 {[%clk 1:11:10]} 11... c4 { [%clk
0:57:34]} 12. Bxh7 {[%clk 1:10:57]} 12... Nxh7 {[%clk 0:57:13]} 13. e4 { [%clk
1:11:12]} 13... Nb6 {[%clk 0:55:15]} 14. Qd2 {[%clk 1:10:37]} 14... Be7 { [%clk
0:52:38]} 15. Qh2 {[%clk 1:08:25]} 15... Ng5 {[%clk 0:52:03]} 16. Rf1 { [%clk
1:07:56]} 16... Bd6 {[%clk 0:48:09]} 17. Nge2 {[%clk 1:06:39]} 17... Bxf4
{[%clk 0:44:04]} 18. Qxf4 {[%clk 1:05:58]} 18... Nh3 {[%clk 0:43:31]} 19. Qe5 {
[%clk 1:05:14]} 19... O-O {[%clk 0:38:04]} 20. f4 {[%clk 1:02:28]} 20... Qh4+ {
[%clk 0:36:07]} 21. Kd2 {[%clk 1:02:02]} 21... Rac8 {[%clk 0:31:14]} 22. Rh1 {
[%clk 1:01:31]} 22... Rc6 {[%clk 0:24:04]} 23. Rag1 {[%clk 1:01:10]} 23... f6 {
[%clk 0:24:14]} 24. g5 {[%clk 1:00:06]} 24... fxe5 {[%clk 0:23:57]} 25. Rg3 {
[%clk 1:00:08]} 25... Qxh5 {[%clk 0:22:14]} 26. g6 {[%clk 1:00:04]} 26... exf4
{[%clk 0:20:31]} 27. Rhxh3 {[%clk 1:00:09]} 27... Qxh3 {[%clk 0:20:52]} 28.
Rxh3 {[%clk 1:00:30]} 28... f3 {[%clk 0:20:37]} 29. Ng3 {[%clk 1:00:32]} 29...
f2 {[%clk 0:20:21]} 30. Rh1 {[%clk 1:00:48]} 30... Rf6 {[%clk 0:18:51]} 31. Rf1
{[%clk 1:00:28]} 31... Rxg6 {[%clk 0:19:07]} 32. Nce2 {[%clk 1:00:47]} 32...
Rf6 {[%clk 0:18:30]} 33. e5 {[%clk 1:00:44]} 33... Rf7 {[%clk 0:18:08]} 34. Ke3
{[%clk 1:00:36]} 34... Na4 {[%clk 0:17:50]} 35. b3 {[%clk 1:00:42]} 35... cxb3
{[%clk 0:18:07]} 36. cxb3 36... Nc3 {[%clk 0:17:54]} 37. a4 {[%clk 0:59:49]}
37... Nxe2 {[%clk 0:17:54]} 38. Nxe2 {[%clk 1:00:03]} 38... Rb6 {[%clk 0:17:32]
} 39. Nc1 {[%clk 1:00:05]} 39... Rb4 {[%clk 0:17:09]} 40. Kd3 {[%clk 0:59:29]}
40... Rf3+ {[%clk 0:15:12]} 41. Ke2 {[%clk 0:59:39]} 41... Rf4 {[%clk 0:15:25]}
42. Nd3 {[%clk 0:59:51]} 42... Re4+ {[%clk 0:15:12]} 43. Kxf2 {[%clk 1:00:06]}
43... Rxb3 {[%clk 0:14:27]} 44. Nc5 {[%clk 1:00:21]} 44... Rf4+ {[%clk 0:14:43]
} 45. Kg2 {[%clk 1:00:39]} 45... Rxf1 {[%clk 0:14:37]} 46. Kxf1 {[%clk 1:00:59]
} 46... Ra3 {[%clk 0:14:13]} 47. Nxe6 {[%clk 1:01:22]} 47... Rxa4 { [%clk
0:14:13]} 48. Ke2 {[%clk 1:01:32]} 48... b5 {[%clk 0:13:34]} 49. Kd3 { [%clk
1:01:40]} 49... Rc4 {[%clk 0:12:50]} 50. Nd8 {[%clk 1:01:25]} 50... Kf8 { [%clk
0:11:43]} 51. Nb7 {[%clk 1:01:17]} 51... b4 {[%clk 0:10:57]} 52. e6 { [%clk
1:01:22]} 52... Ke7 {[%clk 0:10:48]} 53. Na5 {[%clk 1:01:33]} 53... Rc3+ {[%clk
0:10:55]} 54. Kd2 {[%clk 1:01:49]} 54... Kxe6 {[%clk 0:09:35]} 55. Nb7 { [%clk
1:01:43]} 55... Kf5 56. Nd6+ {[%clk 1:01:18]} 56... Kg4 {[%clk 0:08:30]} 57.
Nb5 {[%clk 1:01:37]} 57... axb5 {[%clk 0:08:41]} 58. Ke2 {[%clk 1:01:56]} 58...
b3 {[%clk 0:08:58]} 59. Kd2 {[%clk 1:02:18]} 59... b4 {[%clk 0:09:18]} 60. Ke2
{[%clk 1:02:36]} 60... b2 {[%clk 0:09:38]} 61. Kd2 {[%clk 1:02:39]} 61... b1=Q
{[%clk 0:09:52]} 62. Ke2 {[%clk 1:02:51]} 62... Qb2+ {[%clk 0:10:02] } 63. Kd1
{[%clk 1:03:07]} 63... Rc1# 0-1

[Event "DEM U10w 2018"]
[Site "Willingen GER"]
[Date "2018.05.20"]
[Round "2"]
[White "Ottlik, Marie"]
[Black "Loos, Tilda"]
[Result "1-0"]
[Termination "normal"]
[Board "5"]
[WhiteElo "1190"]
[BlackElo "1091"]
[WhiteClock "01:09:51"]
[BlackClock "01:17:16"]
[PlyCount "117"]
[WhiteFideId "16281730"]
[BlackFideId "34620559"]
[EventCountry "GER"]
[EventRounds "11"]
[EventType "swiss"]
[EventDate "2018.05.19"]

1. e4 {[%clk 1:15:57]} 1... c5 {[%clk 1:15:52]} 2. Nf3 {[%clk 1:16:17]} 2... e6
{[%clk 1:16:12]} 3. d4 {[%clk 1:16:34]} 3... cxd4 {[%clk 1:16:34]} 4. Nxd4 {
[%clk 1:16:54]} 4... Nf6 {[%clk 1:16:48]} 5. Nc3 {[%clk 1:16:59]} 5... Nc6 {
[%clk 1:17:09]} 6. Nf3 {[%clk 1:16:45]} 6... Bb4 {[%clk 1:17:23]} 7. Bd3 {
[%clk 1:16:17]} 7... O-O {[%clk 1:16:52]} 8. a3 {[%clk 1:16:16]} 8... Bxc3+ {
[%clk 1:17:04]} 9. bxc3 {[%clk 1:16:22]} 9... Re8 {[%clk 1:17:13]} 10. Bg5 {
[%clk 1:16:22]} 10... e5 {[%clk 1:17:04]} 11. O-O {[%clk 1:16:29]} 11... h6 {
[%clk 1:17:17]} 12. Bh4 {[%clk 1:16:30]} 12... d6 {[%clk 1:17:29]} 13. h3 {
[%clk 1:15:47]} 13... Be6 {[%clk 1:17:37]} 14. Re1 {[%clk 1:15:46]} 14... Na5 {
[%clk 1:16:02]} 15. Bb5 {[%clk 1:15:20]} 15... Rf8 {[%clk 1:16:06]} 16. Bxf6 {
[%clk 1:14:57]} 16... Qxf6 {[%clk 1:16:20]} 17. Qxd6 {[%clk 1:14:46]} 17... Qg6
{[%clk 1:16:29]} 18. Nxe5 {[%clk 1:13:50]} 18... Qf6 {[%clk 1:15:59]} 19. Nd7 {
[%clk 1:10:44]} 19... Qd8 {[%clk 1:15:48]} 20. Red1 {[%clk 1:08:49]} 20... b6 {
[%clk 1:15:44]} 21. Nxf8 {[%clk 1:08:53]} 21... Qxd6 {[%clk 1:12:42]} 22. Rxd6
{[%clk 1:09:05]} 22... Rxf8 {[%clk 1:13:05]} 23. Rad1 {[%clk 1:07:46]} 23...
Kh7 {[%clk 1:13:12]} 24. Rd8 {[%clk 1:06:24]} 24... Rxd8 {[%clk 1:13:30]} 25.
Rxd8 {[%clk 1:06:48]} 25... Nb7 {[%clk 1:13:31]} 26. Ra8 {[%clk 1:04:38]} 26...
Nd6 {[%clk 1:13:45]} 27. Bd3 {[%clk 1:03:40]} 27... g6 {[%clk 1:13:18]} 28.
Rxa7 {[%clk 1:03:52]} 28... Bc4 {[%clk 1:13:23]} 29. Bxc4 {[%clk 1:03:45]}
29... Nxc4 {[%clk 1:13:46]} 30. Rxf7+ {[%clk 1:04:09]} 30... Kg8 { [%clk
1:14:08]} 31. Rf6 {[%clk 1:03:57]} 31... Kg7 {[%clk 1:14:27]} 32. Rc6 { [%clk
1:04:11]} 32... Nxa3 {[%clk 1:14:43]} 33. Rxb6 {[%clk 1:04:26]} 33... Nxc2
{[%clk 1:15:04]} 34. c4 {[%clk 1:04:26]} 34... Nd4 {[%clk 1:15:28]} 35. Kf1
{[%clk 1:04:40]} 35... Kf7 {[%clk 1:15:35]} 36. c5 {[%clk 1:04:54]} 36... Ne6
{[%clk 1:15:47]} 37. c6 {[%clk 1:05:04]} 37... Ke7 {[%clk 1:15:59]} 38. c7
{[%clk 1:05:08]} 38... Nxc7 {[%clk 1:16:17]} 39. Rxg6 {[%clk 1:05:30]} 39...
Nb5 {[%clk 1:16:28]} 40. Rxh6 {[%clk 1:05:50]} 40... Nd4 {[%clk 1:16:45]} 41.
g4 {[%clk 1:06:07]} 41... Nf3 {[%clk 1:17:01]} 42. h4 {[%clk 1:06:14]} 42...
Kf7 {[%clk 1:17:23]} 43. Kg2 {[%clk 1:06:01]} 43... Kg7 {[%clk 1:12:32]} 44.
Kxf3 {[%clk 1:05:50]} 44... Kxh6 {[%clk 1:12:50]} 45. e5 {[%clk 1:06:10]} 45...
Kg6 {[%clk 1:12:57]} 46. h5+ {[%clk 1:06:24]} 46... Kg5 {[%clk 1:13:20]} 47. e6
{[%clk 1:06:40]} 47... Kf6 {[%clk 1:13:38]} 48. h6 {[%clk 1:06:51]} 48... Kxe6
{[%clk 1:13:57]} 49. h7 {[%clk 1:07:16]} 49... Ke5 {[%clk 1:14:20]} 50. h8=Q+ {
[%clk 1:07:39]} 50... Ke6 {[%clk 1:14:37]} 51. Qh5 {[%clk 1:07:55]} 51... Kf6 {
[%clk 1:15:00]} 52. Ke4 {[%clk 1:08:03]} 52... Ke6 {[%clk 1:15:20]} 53. Qh6+ {
[%clk 1:08:24]} 53... Kf7 {[%clk 1:15:41]} 54. Kf5 {[%clk 1:08:27]} 54... Ke7 {
[%clk 1:15:59]} 55. Ke5 {[%clk 1:08:46]} 55... Kf7 {[%clk 1:16:20]} 56. Qf6+ {
[%clk 1:08:47]} 56... Kg8 {[%clk 1:16:40]} 57. Qe7 {[%clk 1:09:05]} 57... Kh8 {
[%clk 1:16:59]} 58. Kf6 {[%clk 1:09:30]} 58... Kg8 {[%clk 1:17:16]} 59. Qg7# {
[%clk 1:09:51]} 1-0

[Event "DEM U10w 2018"]
[Site "Willingen GER"]
[Date "2018.05.20"]
[Round "2"]
[White "Praus, Pia-Rosa"]
[Black "Czäczine, Laura"]
[Result "0-1"]
[Termination "normal"]
[Board "6"]
[WhiteElo "1055"]
[BlackElo "1171"]
[WhiteClock "00:46:49"]
[BlackClock "00:40:22"]
[PlyCount "61"]
[WhiteFideId "16271815"]
[BlackFideId "16211448"]
[EventCountry "GER"]
[EventRounds "11"]
[EventType "swiss"]
[EventDate "2018.05.19"]

1. d4 {[%clk 1:15:57]} 1... d5 {[%clk 1:15:49]} 2. Bf4 {[%clk 1:13:50]} 2...
Bf5 {[%clk 1:14:50]} 3. e3 {[%clk 1:12:50]} 3... e6 {[%clk 1:14:39]} 4. c3 {
[%clk 1:12:12]} 4... c5 {[%clk 1:14:19]} 5. Nd2 {[%clk 1:11:10]} 5... Nf6 {
[%clk 1:12:31]} 6. Ngf3 {[%clk 1:08:43]} 6... Ne4 {[%clk 1:11:02]} 7. Be2 {
[%clk 1:06:55]} 7... Nc6 {[%clk 1:09:46]} 8. Ne5 {[%clk 1:05:50]} 8... Nxe5 {
[%clk 1:05:18]} 9. Bxe5 {[%clk 1:05:17]} 9... a6 {[%clk 1:04:10]} 10. Nf3 {
[%clk 1:03:06]} 10... f6 11. Bf4 {[%clk 1:02:51]} 11... Be7 {[%clk 1:01:18]}
12. Bd3 {[%clk 1:00:00]} 12... O-O {[%clk 0:59:21]} 13. Qc2 {[%clk 0:57:44]}
13... Bd6 {[%clk 0:56:01]} 14. Bg3 {[%clk 0:56:46]} 14... c4 {[%clk 0:54:59]}
15. Bxe4 {[%clk 0:56:51]} 15... Bxe4 {[%clk 0:54:08]} 16. Qe2 {[%clk 0:56:13]}
16... Bd3 {[%clk 0:53:04]} 17. Qd2 {[%clk 0:56:13]} 17... b5 {[%clk 0:50:54]}
18. Kd1 {[%clk 0:53:41]} 18... Re8 {[%clk 0:49:55]} 19. Ne1 19... Bf5 { [%clk
0:48:17]} 20. b3 {[%clk 0:52:45]} 20... Ba3 {[%clk 0:47:03]} 21. b4 { [%clk
0:52:36]} 21... a5 {[%clk 0:46:55]} 22. Nc2 {[%clk 0:51:07]} 22... axb4 { [%clk
0:45:39]} 23. cxb4 {[%clk 0:50:00]} 23... Ra4 {[%clk 0:44:19]} 24. Rb1 { [%clk
0:48:28]} 24... Qc8 {[%clk 0:42:26]} 25. Bd6 {[%clk 0:47:26]} 25... c3 { [%clk
0:41:20]} 26. Qe1 {[%clk 0:47:25]} 26... Qc4 {[%clk 0:40:44]} 27. Qe2 { [%clk
0:47:03]} 27... Qxa2 {[%clk 0:40:23]} 28. Ra1 {[%clk 0:47:13]} 28... Bxc2+
{[%clk 0:40:04]} 29. Qxc2 {[%clk 0:47:10]} 29... Qxa1+ {[%clk 0:40:13]} 30. Ke2
{[%clk 0:47:18]} 30... Qxh1 {[%clk 0:40:22]} 31. Qxc3 {[%clk 0:46:49]} 0-1

[Event "DEM U10w 2018"]
[Site "Willingen GER"]
[Date "2018.05.20"]
[Round "2"]
[White "Oellrich, Emma"]
[Black "Schwenke, Mia"]
[Result "1-0"]
[Termination "normal"]
[Board "7"]
[WhiteElo "1162"]
[BlackElo "1062"]
[WhiteClock "00:39:57"]
[BlackClock "00:59:50"]
[PlyCount "85"]
[WhiteFideId "16268806"]
[BlackFideId "16263332"]
[EventCountry "GER"]
[EventRounds "11"]
[EventType "swiss"]
[EventDate "2018.05.19"]

1. e4 {[%clk 1:15:56]} 1... c5 {[%clk 1:15:52]} 2. Nc3 {[%clk 1:16:17]} 2...
Nc6 {[%clk 1:16:12]} 3. Bb5 {[%clk 1:16:34]} 3... g6 {[%clk 1:15:25]} 4. f4 {
[%clk 1:16:30]} 4... Bg7 {[%clk 1:14:08]} 5. Bxc6 {[%clk 1:14:46]} 5... dxc6 {
[%clk 1:14:03]} 6. Nf3 {[%clk 1:14:54]} 6... Nf6 {[%clk 1:10:54]} 7. O-O {
[%clk 1:14:32]} 7... O-O {[%clk 1:11:04]} 8. d3 {[%clk 1:14:50]} 8... Bg4 {
[%clk 1:09:28]} 9. Be3 {[%clk 1:13:05]} 9... b6 {[%clk 1:08:35]} 10. e5 { [%clk
1:12:35]} 10... Nd5 {[%clk 1:08:39]} 11. Nxd5 {[%clk 1:10:57]} 11... cxd5
{[%clk 1:07:21]} 12. h3 {[%clk 1:08:03]} 12... Bf5 {[%clk 1:07:13]} 13. Nh4 {
[%clk 1:02:08]} 13... e6 {[%clk 1:03:09]} 14. Nxf5 {[%clk 1:01:27]} 14... exf5
{[%clk 1:03:17]} 15. d4 {[%clk 0:57:33]} 15... Qe7 {[%clk 1:01:21]} 16. dxc5 {
[%clk 0:57:17]} 16... bxc5 {[%clk 1:00:56]} 17. Qxd5 {[%clk 0:57:29]} 17...
Rad8 {[%clk 1:00:12]} 18. Qxc5 {[%clk 0:57:16]} 18... Qxc5 {[%clk 0:59:34]} 19.
Bxc5 {[%clk 0:57:30]} 19... Rfe8 {[%clk 0:59:41]} 20. Bxa7 20... Rd2 { [%clk
0:57:04]} 21. Rf2 {[%clk 0:55:04]} 21... Red8 22. c4 {[%clk 0:53:24]} 22... Bf8
{[%clk 0:57:20]} 23. c5 {[%clk 0:53:03]} 23... R8d5 {[%clk 0:57:18]} 24. Rxd2
{[%clk 0:52:25]} 24... Rxd2 {[%clk 0:57:38]} 25. b4 {[%clk 0:51:42]} 25... h6
{[%clk 0:57:23]} 26. c6 {[%clk 0:50:15]} 26... Rc2 {[%clk 0:57:05]} 27. b5
{[%clk 0:49:58]} 27... Bb4 {[%clk 0:57:09]} 28. a4 {[%clk 0:49:09]} 28... Bc3
{[%clk 0:57:14]} 29. Rb1 {[%clk 0:46:46]} 29... Bd2 {[%clk 0:57:24]} 30. Rf1
{[%clk 0:43:23]} 30... Ra2 {[%clk 0:57:16]} 31. c7 {[%clk 0:42:59]} 31... Rc2
{[%clk 0:57:35]} 32. b6 {[%clk 0:42:45]} 32... Be3+ {[%clk 0:57:51]} 33. Kh1
{[%clk 0:43:00]} 33... g5 {[%clk 0:57:52]} 34. fxg5 {[%clk 0:40:58]} 34... hxg5
{[%clk 0:58:07]} 35. b7 {[%clk 0:40:45]} 35... Bxa7 {[%clk 0:58:13]} 36. c8=Q+
{[%clk 0:40:21]} 36... Rxc8 {[%clk 0:58:36]} 37. bxc8=Q+ { [%clk 0:40:39]}
37... Kg7 {[%clk 0:58:55]} 38. Qxf5 {[%clk 0:40:43]} 38... Kh8 {[%clk 0:59:00]}
39. Qxf7 {[%clk 0:40:26]} 39... Bc5 {[%clk 0:59:19]} 40. Qh5+ {[%clk 0:40:03]}
40... Kg8 {[%clk 0:59:37]} 41. Qxg5+ {[%clk 0:39:58]} 41... Kh8 {[%clk
0:59:56]} 42. Rf4 {[%clk 0:39:38]} 42... Be3 {[%clk 0:59:50]} 43. Rh4# {[%clk
0:39:57]} 1-0

[Event "DEM U10w 2018"]
[Site "Willingen GER"]
[Date "2018.05.20"]
[Round "2"]
[White "Arnold, Rubina"]
[Black "Mirnaya, Veronika"]
[Result "1/2-1/2"]
[Termination "normal"]
[Board "8"]
[WhiteElo "1133"]
[BlackElo "1036"]
[WhiteClock "01:03:26"]
[BlackClock "00:54:41"]
[PlyCount "52"]
[WhiteFideId "16276272"]
[BlackFideId "16277406"]
[EventCountry "GER"]
[EventRounds "11"]
[EventType "swiss"]
[EventDate "2018.05.19"]

1. e4 {[%clk 1:15:55]} 1... e5 {[%clk 1:15:59]} 2. d4 {[%clk 1:16:07]} 2...
exd4 {[%clk 1:16:20]} 3. Nf3 {[%clk 1:16:21]} 3... Nc6 {[%clk 1:16:40]} 4. Bc4
{[%clk 1:16:40]} 4... Nf6 {[%clk 1:17:05]} 5. O-O {[%clk 1:16:51]} 5... Nxe4 {
[%clk 1:17:30]} 6. Re1 {[%clk 1:17:08]} 6... d5 {[%clk 1:17:51]} 7. Bxd5 {
[%clk 1:17:28]} 7... Qxd5 {[%clk 1:18:12]} 8. Nc3 {[%clk 1:17:48]} 8... Qh5 {
[%clk 1:18:22]} 9. Nxe4 {[%clk 1:18:06]} 9... Be7 {[%clk 1:18:15]} 10. Bg5 {
[%clk 1:17:29]} 10... Be6 {[%clk 1:14:02]} 11. Bxe7 {[%clk 1:16:48]} 11... Nxe7
{[%clk 1:14:19]} 12. Qxd4 {[%clk 1:16:29]} 12... Qf5 {[%clk 1:03:52]} 13. Qxg7
{[%clk 1:13:59]} 13... Rg8 {[%clk 1:04:04]} 14. Qc3 {[%clk 1:14:03]} 14...
O-O-O {[%clk 1:04:18]} 15. Nh4 {[%clk 1:13:01]} 15... Qg4 {[%clk 1:03:27]} 16.
Qg3 {[%clk 1:12:45]} 16... Qxg3 {[%clk 1:02:13]} 17. hxg3 {[%clk 1:12:39]}
17... Nf5 {[%clk 1:01:31]} 18. Nxf5 {[%clk 1:11:04]} 18... Bxf5 {[%clk 1:01:48]
} 19. Nf6 {[%clk 1:10:56]} 19... Rg6 {[%clk 1:01:06]} 20. Ne4 {[%clk 1:09:43]}
20... b6 21. c3 {[%clk 1:08:29]} 21... h5 {[%clk 0:59:47]} 22. f3 { [%clk
1:07:52]} 22... Bxe4 {[%clk 0:58:44]} 23. Rxe4 {[%clk 1:05:17]} 23... Rxg3
{[%clk 0:59:09]} 24. Kf2 {[%clk 1:04:27]} 24... Rdg8 {[%clk 0:59:33]} 25. Rg1
{[%clk 1:04:14]} 25... Kb7 {[%clk 0:58:31]} 26. Rf4 {[%clk 1:03:26]} 26... R3g7
{[%clk 0:54:41]} 1/2-1/2

[Event "DEM U10w 2018"]
[Site "Willingen GER"]
[Date "2018.05.20"]
[Round "2"]
[White "Muhina, Alina"]
[Black "Heuberger, Sandra"]
[Result "1/2-1/2"]
[Termination "normal"]
[Board "9"]
[WhiteElo "948"]
[BlackElo "1132"]
[WhiteClock "00:58:12"]
[BlackClock "00:22:50"]
[PlyCount "41"]
[WhiteFideId "16298322"]
[BlackFideId "16232151"]
[EventCountry "GER"]
[EventRounds "11"]
[EventType "swiss"]
[EventDate "2018.05.19"]

1. e4 {[%clk 1:15:57]} 1... e5 {[%clk 1:15:51]} 2. Nf3 {[%clk 1:16:22]} 2...
Nc6 {[%clk 1:16:11]} 3. d4 {[%clk 1:16:45]} 3... exd4 {[%clk 1:16:18]} 4. Nxd4
{[%clk 1:17:05]} 4... Nf6 {[%clk 1:16:15]} 5. Nxc6 {[%clk 1:17:27]} 5... bxc6 {
[%clk 1:15:39]} 6. Nc3 {[%clk 1:17:46]} 6... Bb4 {[%clk 1:15:16]} 7. Bd2 {
[%clk 1:17:51]} 7... Bxc3 {[%clk 1:14:23]} 8. Bxc3 {[%clk 1:18:10]} 8... Nxe4 {
[%clk 1:12:14]} 9. Qg4 {[%clk 1:17:40]} 9... Ng5 {[%clk 0:50:28]} 10. Bxg7 {
[%clk 1:15:43]} 10... Rg8 {[%clk 0:42:41]} 11. Bh6 {[%clk 1:14:13]} 11... Qe7+
{[%clk 0:39:15]} 12. Be2 {[%clk 1:13:42]} 12... d5 {[%clk 0:36:27]} 13. Qf4 {
[%clk 1:08:44]} 13... Rg6 {[%clk 0:27:42]} 14. Bxg5 {[%clk 1:07:05]} 14... Rxg5
{[%clk 0:27:42]} 15. Qd2 {[%clk 1:06:47]} 15... Re5 {[%clk 0:27:04]} 16. g3 {
[%clk 1:01:45]} 16... Bg4 {[%clk 0:25:21]} 17. O-O-O {[%clk 0:59:49]} 17... Bd7
{[%clk 0:23:26]} 18. f4 {[%clk 0:58:25]} 18... Re6 {[%clk 0:23:08]} 19. Bg4 {
[%clk 0:58:06]} 19... Re4 {[%clk 0:22:49]} 20. Bxd7+ {[%clk 0:58:13]} 20...
Kxd7 {[%clk 0:22:50]} 21. Qd3 {[%clk 0:58:12]} 1/2-1/2

[Event "DEM U10w 2018"]
[Site "Willingen GER"]
[Date "2018.05.20"]
[Round "2"]
[White "Petrosyan, Ani"]
[Black "Bräutigam, Katerina"]
[Result "0-1"]
[Termination "normal"]
[Board "10"]
[WhiteElo "1331"]
[BlackElo "1728"]
[PlyCount "38"]
[WhiteFideId "16248015"]
[BlackFideId "16242980"]
[EventCountry "GER"]
[EventRounds "11"]
[EventType "swiss"]
[EventDate "2018.05.19"]

1. Nf3 c5 2. e3 d6 3. c4 g6 4. Nc3 Bg7 5. d4 cxd4 6. exd4 Nf6 7. Be2 b6 8. O-O
O-O 9. Bd2 d5 10. cxd5 Nxd5 11. Bc4 Bb7 12. Re1 e6 13. Nxd5 Bxd5 14. Bxd5 Qxd5
15. Bc3 Nc6 16. Qb3 Rfd8 17. Qxd5 Rxd5 18. Rad1 Rad8 19. Re4 e5 0-1

[Event "DEM U10w 2018"]
[Site "Willingen GER"]
[Date "2018.05.20"]
[Round "2"]
[White "Englert, Lin"]
[Black "Bangiev, Katharina"]
[Result "1-0"]
[Termination "normal"]
[Board "11"]
[WhiteElo "1316"]
[BlackElo "1009"]
[PlyCount "111"]
[WhiteFideId "16226410"]
[BlackFideId "16267230"]
[EventCountry "GER"]
[EventRounds "11"]
[EventType "swiss"]
[EventDate "2018.05.19"]

1. e4 e5 2. Nf3 Nc6 3. Bb5 a6 4. Bxc6 dxc6 5. Nc3 Bd6 6. d4 exd4 7. Qxd4 f6 8.
O-O Be6 9. Re1 Qd7 10. e5 Be7 11. Qf4 O-O-O 12. Qg3 fxe5 13. Nxe5 Qd6 14. Qxg7
Bf6 15. Qg3 Bxe5 16. Qxe5 Qxe5 17. Rxe5 Bd5 18. Bg5 Rd6 19. Rd1 Bc4 20. Rxd6
cxd6 21. Re8+ Kd7 22. Rf8 h6 23. Bf6 Rh7 24. b3 Be6 25. Bh4 Ne7 26. Bxe7 Rxe7
27. f3 Rg7 28. Kf2 Ke7 29. Rh8 Rg6 30. Rh7+ Bf7 31. Ne2 Re6 32. Nd4 Rf6 33.
Rxh6 Rxh6 34. Nf5+ Kf6 35. Nxh6 Bg6 36. Ng4+ Ke6 37. c4 Bf7 38. Nh6 Bg6 39. h4
c5 40. g4 Be8 41. Nf5 Bg6 42. Ke3 Bxf5 43. gxf5+ Kxf5 44. h5 Kg5 45. Ke4 Kxh5
46. Kd5 Kg5 47. Kxd6 Kf4 48. Kxc5 Kxf3 49. Kb6 Ke3 50. Kxb7 Kd3 51. c5 Kc2 52.
c6 Kb2 53. c7 Kxa2 54. c8=Q Kxb3 55. Kxa6 Kb4 56. Kb7 1-0

[Event "DEM U10w 2018"]
[Site "Willingen GER"]
[Date "2018.05.20"]
[Round "2"]
[White "Fischer, Juliane"]
[Black "Wilmink, Anna"]
[Result "1-0"]
[Termination "normal"]
[Board "12"]
[WhiteElo "929"]
[BlackElo "1137"]
[PlyCount "157"]
[WhiteFideId "16290135"]
[BlackFideId "16273680"]
[EventCountry "GER"]
[EventRounds "11"]
[EventType "swiss"]
[EventDate "2018.05.19"]

1. e4 e6 2. d4 d5 3. exd5 exd5 4. Bd3 Bd6 5. Nf3 Ne7 6. O-O Nbc6 7. h3 Be6 8.
c3 Qd7 9. Nbd2 O-O-O 10. Re1 f6 11. Nf1 g5 12. Qe2 g4 13. Qxe6 gxf3 14. Qxd7+
Rxd7 15. gxf3 Rg8+ 16. Kh1 Rdd8 17. Ne3 Rg7 18. Rg1 Rdg8 19. Rxg7 Rxg7 20. Bf5+
Kb8 21. Be6 Nd8 22. Bxd5 f5 23. Bc4 c6 24. Ng2 Ng6 25. Bg5 Nf7 26. Bf6 Rg8 27.
Bxf7 Rf8 28. Bxg6 Rxf6 29. Bxh7 Rf8 30. Re1 Kc8 31. Re6 Kd7 32. Rg6 Ke7 33.
Rg7+ Kf6 34. Rxb7 Be7 35. Rc7 a5 36. Rxc6+ Kg7 37. Bxf5 Rxf5 38. Rc7 Kf6 39. b4
Rxf3 40. Rc6+ Kg5 41. bxa5 Rxf2 42. a6 Rxa2 43. d5 Bf6 44. Re6 Kf5 45. Ne3+ Kg5
46. d6 Rxa6 47. Nd5 Bg7 48. Nc7 Bf6 49. Nxa6 Kf5 50. Re2 Kf4 51. Rd2 Ke5 52. d7
Bd8 53. Nb8 Ke6 54. Nc6 Bg5 55. d8=Q Bxd8 56. Rxd8 Kf5 57. Re8 Kf4 58. Kg1 Kf5
59. Kf2 Kf4 60. Ke2 Kf5 61. Kd3 Kf4 62. Re7 Kf5 63. Kd4 Kf6 64. Re1 Kf5 65. Re2
Kf6 66. Kd5 Kf7 67. Kd6 Kf6 68. Rf2+ Kg6 69. Ke5 Kg7 70. Ke6 Kg8 71. Ke7 Kh7
72. Rf4 Kg6 73. Rf1 Kg5 74. Ke6 Kh5 75. Rg1 Kh6 76. Kf6 Kh7 77. Rg4 Kh8 78. Kf7
Kh7 79. Rh4# 1-0

[Event "DEM U10w 2018"]
[Site "Willingen GER"]
[Date "2018.05.20"]
[Round "2"]
[White "Tobias, Franziska Ylvi"]
[Black "Trunz, Tamila"]
[Result "0-1"]
[Termination "normal"]
[Board "13"]
[WhiteElo "909"]
[BlackElo "1046"]
[PlyCount "66"]
[WhiteFideId "16272404"]
[BlackFideId "16267885"]
[EventCountry "GER"]
[EventRounds "11"]
[EventType "swiss"]
[EventDate "2018.05.19"]

1. e4 e5 2. Nf3 Nc6 3. Bc4 Bc5 4. O-O Nf6 5. c3 d6 6. d4 Nxe4 7. dxc5 Nxc5 8.
Bg5 f6 9. Be3 Bg4 10. Bxc5 dxc5 11. Qxd8+ Rxd8 12. Nbd2 a6 13. Rfe1 b5 14. Bd5
Rxd5 15. Rad1 O-O 16. b3 Rfd8 17. Re2 Bxf3 18. gxf3 Rd3 19. f4 Rxc3 20. Rde1
Nd4 21. Re4 exf4 22. Rxf4 Rc2 23. Ne4 Re8 24. Nxf6+ gxf6 25. Rg4+ Kf7 26. Rxe8
Kxe8 27. Rg8+ Kf7 28. Rc8 Rxa2 29. Rxc7+ Kg6 30. Rxc5 Nxb3 31. Rc3 Nd2 32. Rg3+
Kf7 33. Rg2 Ra1# 0-1

[Event "DEM U10w 2018"]
[Site "Willingen GER"]
[Date "2018.05.20"]
[Round "2"]
[White "Chassard, Cecilia"]
[Black "Klonov, Sofia"]
[Result "1-0"]
[Termination "normal"]
[Board "14"]
[WhiteElo "821"]
[BlackElo "1028"]
[PlyCount "85"]
[WhiteFideId "16271831"]
[BlackFideId "16226240"]
[EventCountry "GER"]
[EventRounds "11"]
[EventType "swiss"]
[EventDate "2018.05.19"]

1. e4 c5 2. Nc3 Nc6 3. g3 g6 4. Bg2 Bg7 5. d3 Nf6 6. Nge2 O-O 7. O-O e6 8. h3
d5 9. exd5 exd5 10. Bf4 a6 11. Qd2 Re8 12. Rfe1 c4 13. Bh6 cxd3 14. cxd3 Bxh6
15. Qxh6 d4 16. Ne4 Nxe4 17. Bxe4 Be6 18. Nf4 Bxa2 19. h4 Be6 20. h5 g5 21.
Qxh7+ Kf8 22. Nxe6+ Ke7 23. Nxd8 Raxd8 24. Bxc6+ Kd6 25. Qg6+ Kc7 26. Rxe8 Rxe8
27. Qxf7+ Kxc6 28. Rc1+ Kb6 29. Qc7+ Ka7 30. Qc5+ Ka8 31. h6 Rh8 32. b4 Rxh6
33. Qc8+ Ka7 34. Rc7 Rb6 35. f4 gxf4 36. gxf4 Rxb4 37. f5 Rb1+ 38. Kf2 Rb2+ 39.
Kf3 Kb6 40. Qxb7+ Ka5 41. Qxb2 Ka4 42. Rc4+ Ka5 43. Qb4# 1-0